000 003980000a22001090004500
100 1 _aZelaya, Hugo M.
245 1 0 _aEl hijo prodigo
300 _aVol.2, núm.12 (1992), Páginas183-187
520 _aPerdió de vista al padre. Perdió el amor al padre. La herencia del padre. El control. La imagen de Dios. Su libertad. El respeto de sí mismo.
773 0 _tConquista Cristiana
942 _cANA
999 _c60659
_d60659